History Quiz

Random History or Numbers Quiz

How Many Years... Quiz Stats

Quiz Updated Feb 21, 2012

Also try: 200 Year Quiz
Challenge
Share
Tweet
Embed
Score 0/20 Timer 05:00
1 Play Today
First Event Number of Years % Correct
The beginning of the First World War 25 - 1914, 1939
94.4%
Yuri Gagarin becomes the first human in space8 - 1961, 1969
66.2%
The Japanese attack Pearl Harbor4 - 1941, 1945
65.8%
Anne Frank goes into hiding2 - 1942, 1944
63.3%
The sinking of the Titanic3 - 1912, 1915
59.2%
10BC19 - No year 0
57.8%
Construction begins on the Berlin Wall28 - 1961, 1989
55.4%
A new nation conceived in liberty is brought forth87 - 1776, 1863
52.4%
The Russian Revolution74 - 1917, 1991
51.3%
Operation Desert Storm begins12 - 1991, 2003
46.5%
First Event Number of Years % Correct
The assassination of Abraham Lincoln98 - 1865, 1963
45.8%
Fidel Castro becomes the president of Cuba49 - 1959, 2008
36.4%
Napoleon is exiled to Elba1 - 1814, 1815
35.5%
Julius Caesar crosses the Rubicon5 - 49BC, 44BC
35.2%
The beginning of the Hundred Years' War116 - 1337, 1453
24.8%
The Wright brothers' first flight44 - 1903, 1947
21.8%
The Slavery Abolition Act abolishes slavery in (most of) the British Empire30 - 1833, 1863
14.1%
Pluto is discovered76 - 1930, 2006
11.5%
Capt. Cook first arrives in Australia18 - 1770, 1788
11.2%
Galileo begins observing Jupiter's moons380 - 1610, 1990
3.4%

You're not logged in!

Compare scores with friends on all Sporcle quizzes.
Join for Free
OR
Log In

You Might Also Like...

Show Comments

Extras

Top Quizzes Today


Score Distribution

Your Account Isn't Verified!

In order to create a playlist on Sporcle, you need to verify the email address you used during registration. Go to your Sporcle Settings to finish the process.

Report this User

Report this user for behavior that violates our Community Guidelines.

Details: